Od tabákového patentu po velkokapacitní produkci

Výroba cigariet v Kutnohorskom závode spoločnosti Philip Morris ČR. História továrne. Portfólio vyrábaných značiek. Distribúcia a ich podiel na trhu. Zmluvná výroba Philip Morris na Slovensku.

Gespeichert in:
Bibliographische Detailangaben
Format: Buchkapitel
Sprache:Tschechisch
Schlagworte:
Tags: Tag hinzufügen
Keine Tags, Fügen Sie das erste Tag hinzu!

MARC

LEADER 00000naa a2200000 4500
001 r043129
005 20230522105806.5
041 0 |a cze 
044 |a CZ 
245 1 0 |a Od tabákového patentu po velkokapacitní produkci 
520 |a Výroba cigariet v Kutnohorskom závode spoločnosti Philip Morris ČR. História továrne. Portfólio vyrábaných značiek. Distribúcia a ich podiel na trhu. Zmluvná výroba Philip Morris na Slovensku. 
610 2 0 |a priemysel tabakový 
610 2 0 |a výrobky tabakové 
610 2 0 |a továrne 
610 2 0 |a distribúcia 
610 2 0 |a Philip Morris ČR 
610 2 0 |a Česko